<?xml version="1.0" encoding="UTF-8"?><?xml-stylesheet type="text/xsl" href="static/style.xsl"?><OAI-PMH xmlns="http://www.openarchives.org/OAI/2.0/" xmlns:xsi="http://www.w3.org/2001/XMLSchema-instance" xsi:schemaLocation="http://www.openarchives.org/OAI/2.0/ http://www.openarchives.org/OAI/2.0/OAI-PMH.xsd"><responseDate>2026-07-05T19:05:48Z</responseDate><request verb="GetRecord" identifier="oai:repisalud.isciii.es:20.500.12105/7428" metadataPrefix="marc">https://repisalud.isciii.es/rest/oai/request</request><GetRecord><record><header><identifier>oai:repisalud.isciii.es:20.500.12105/7428</identifier><datestamp>2025-06-02T15:16:15Z</datestamp><setSpec>com_20.500.12105_2405</setSpec><setSpec>com_20.500.12105_2403</setSpec><setSpec>col_20.500.12105_2410</setSpec></header><metadata><record xmlns="http://www.loc.gov/MARC21/slim" xmlns:dcterms="http://purl.org/dc/terms/" xmlns:doc="http://www.lyncode.com/xoai" xmlns:xsi="http://www.w3.org/2001/XMLSchema-instance" xsi:schemaLocation="http://www.loc.gov/MARC21/slim http://www.loc.gov/standards/marcxml/schema/MARC21slim.xsd">
   <leader>00925njm 22002777a 4500</leader>
   <datafield ind2=" " ind1=" " tag="042">
      <subfield code="a">dc</subfield>
   </datafield>
   <datafield ind2=" " ind1=" " tag="720">
      <subfield code="a">Galan-Madruga, David</subfield>
      <subfield code="e">author</subfield>
   </datafield>
   <datafield ind2=" " ind1=" " tag="720">
      <subfield code="a">Diaz-Lopez, Gema</subfield>
      <subfield code="e">author</subfield>
   </datafield>
   <datafield ind2=" " ind1=" " tag="720">
      <subfield code="a">Sanchez Iñigo, Francisco Javier</subfield>
      <subfield code="e">author</subfield>
   </datafield>
   <datafield ind2=" " ind1=" " tag="720">
      <subfield code="a">Aguayo Balsas, Sonia María</subfield>
      <subfield code="e">author</subfield>
   </datafield>
   <datafield ind2=" " ind1=" " tag="720">
      <subfield code="a">Lucena-Lozano, Miguel Angel</subfield>
      <subfield code="e">author</subfield>
   </datafield>
   <datafield ind2=" " ind1=" " tag="720">
      <subfield code="a">Fernandez-Patier, Rosalia</subfield>
      <subfield code="e">author</subfield>
   </datafield>
   <datafield ind2=" " ind1=" " tag="260">
      <subfield code="c">2018-12</subfield>
   </datafield>
   <datafield ind2=" " ind1=" " tag="520">
      <subfield code="a">Tras su aparición en el siglo XX, la posibilidad de que se lleven a cabo ataques biote-rroristas se ha convertido en una de las mayores amenazas sobre la población a nivel mun-dial. Dado que la calidad de vida de la ciudadanía y la salud pública están directamente ligadas, y que los ataques bioterroristas pueden producir efectos adversos, llegando inclu-so a producir muerte, se concluye que la ejecución de este tipo de ataques constituye una agresión directa sobre la salud pública. Esta razón explica la necesidad de fomentar planes de actuación frente a este tipo de situaciones de emergencia. A tal efecto y siguiendo las directrices de la OMS, instando a los países a prepararse frente a este tipo de ataques, mu-chos países movilizaron recursos con objeto de desarrollar planes de actuación enfocados a la prevención y/o al tratamiento de un supuesto ataque bioterrorista (Posada 2001). Los sistemas de vigilancia, definidos como herramientas fundamentales en el ámbito de la sa-lud pública de un país, estarían englobados en los planes de actuación (Serna et al., 2007).Un elemento crítico en la diseminación intencionada de agentes biológicos altamente patógenos responde a los medios de vehicular el agente biológico. La vía inhalatoria, oral, percutánea y dérmica engloban el conjunto de posibles vías de exposición o de entrada del agente en el cuerpo humano (Domínguez 2002).En el marco planteado, resulta fácil entender la necesidad de disponer de sistemas de detección precisos y fáciles de implementar para minimizar el daño y prevenir la disper-sión adicional de estos agentes, como consecuencia de la dificultad de predecir y prevenir agresiones bioterroristas (Thavaselvam 2010), que a su vez garanticen una respuesta eficaz frente a los daños ocasionados para la salud pública ante la posibilidad de una disemina-ción intencionada de este tipo de agentes en el medioambiente.Atendiendo  a  esta  preocupación,  en  España  se  crea  en  2009  una  Red  de  Laborato-rios de Alerta Biológica, denominada “RE-LAB”. La RE-LAB constituye una infraestructura científico-técnica de apoyo al Sistema Nacional de Gestión de Crisis y la Administración General del Estado con el fin de dar una respuesta rápida, eficaz y coordinada contra las amenazas bioterroristas.</subfield>
   </datafield>
   <datafield ind1="8" ind2=" " tag="024">
      <subfield code="a">Metodología para la Toma de Muestra de Microorganismos Altamente Patógenos en Las Matrices Ambientales Aire, Agua y Suelo/Sedimento. Madrid; Instituto de Salud Carlos III, Centro Nacional de Sanidad ambiental: 2018.</subfield>
   </datafield>
   <datafield ind1="8" ind2=" " tag="024">
      <subfield code="a">10.4321/repisalud.7428</subfield>
   </datafield>
   <datafield ind1="8" ind2=" " tag="024">
      <subfield code="a">EPUB : 062180229 PDF : 062180213</subfield>
   </datafield>
   <datafield ind1="8" ind2=" " tag="024">
      <subfield code="a">http://hdl.handle.net/20.500.12105/7428</subfield>
   </datafield>
   <datafield ind2="0" ind1="0" tag="245">
      <subfield code="a">Metodología para la Toma de Muestra de Microorganismos Altamente Patógenos en las Matrices Ambientales Aire, Agua y Suelo/Sedimento</subfield>
   </datafield>
</record></metadata></record></GetRecord></OAI-PMH>